000 00556nam a2200217Ia 4500
003 OSt
005 20220924134946.0
006 a|||||r|||| 00| 0
007 ta
008 220923b |||||||| |||| 00| 0 ben d
024 _a287961
037 _cTextual
040 _aARTS
_cARTS
_bben
041 _2ben
_aben
082 _aDelta2y7M63, 157L9.6
100 _aBasu
_9154812
245 0 _aBibekananda o samakaleen bharat barsh
260 _c1979
942 _hDelta2y7M63, 157L9.6
_cTEXL
_2CC
999 _c439204
_d439204